000 01146nam a2200265Ia 4500
003 OSt
005 20221005110911.0
006 a|||||r|||| 00| 0
007 ta
008 221004b |||||||| |||| 00| 0 hin d
020 _a9788126723393 (hbk)
_c250
024 _a16015
037 _bBR6148, 23/12/2014, Rajkamal Prakashan Pvt. Ltd.
_cTextual
040 _aCRL
_cCRL
_bhin
041 _2hin
_ahin
082 _aY15:4.2, 152Q2
100 _aअनुपमलता, (और अन्य)
_9164571
245 0 _aसंगतिन - यात्रा
_b सात ज़िन्दगियों में लिपटा नारी - विमर्श
246 _aSangatin - yātrā: sāt ज़indagiyoan mean lipaṭā nārī - vimarsha
260 _aनई दिल्ली
_bराजकमल प्रकाशन भारत
_c2012
300 _a143पृ0
_ccm.
650 _aभारतीय-लोक साहित्य
942 _hY15:4.2, 152Q2
_cTEXL
_2cc
999 _c1020226
_d1020226